Harry Potter Mystery Passage 75 Quiz Stats

 Plays Quiz not verified by Sporcle

Score 0/293 Timer 20:00
0 Plays Today
Answer % Correct
the
99%
the
99%
Harry
99%
the
99%
a
99%
Harry
99%
a
99%
and
99%
Harry
99%
the
99%
the
99%
Harry
99%
the
99%
The
99%
the
99%
and
99%
a
99%
Harry
99%
the
99%
and
99%
Ron.
97.9%
Ron,
97.9%
'I
97.9%
He
96.9%
he,
96.9%
He
96.9%
He
96.9%
he
96.9%
he
96.9%
he
96.9%
he
96.9%
he
96.9%
he
96.9%
he
96.9%
he
96.9%
her.
96.9%
Lupin
95.8%
his
95.8%
Hermione
95.8%
Lupin
95.8%
his
95.8%
His
95.8%
Lupin
95.8%
Lupin.
95.8%
Lupin
95.8%
Lupin
95.8%
his
95.8%
Lupin
95.8%
his
95.8%
as
95.8%
his
95.8%
his
95.8%
his
95.8%
Lupin
95.8%
his
95.8%
his
95.8%
his
95.8%
as
95.8%
his
95.8%
Hermione
95.8%
Lupin
95.8%
at
94.8%
to
94.8%
be
94.8%
to
94.8%
is
94.8%
at
94.8%
to
94.8%
at
94.8%
at
94.8%
at
94.8%
at
94.8%
at
94.8%
was
94.8%
to
94.8%
was
94.8%
on-?'
94.8%
at
94.8%
to
94.8%
to
94.8%
to
94.8%
to
94.8%
wand
93.8%
so
93.8%
did
93.8%
was
93.8%
was
93.8%
in
93.8%
'Where
93.8%
Sirius?'
93.8%
what
93.8%
What
93.8%
was
93.8%
look
93.8%
was
93.8%
so
93.8%
was
93.8%
you
93.8%
Answer % Correct
what
93.8%
in
93.8%
was
93.8%
wand,
93.8%
so
93.8%
it.
92.7%
it
92.7%
IT!'
92.7%
go
92.7%
of
91.7%
who
91.7%
who
91.7%
of
91.7%
of
91.7%
of
91.7%
Black,
90.6%
him.
90.6%
Black
90.6%
Black
90.6%
Black
90.6%
Black,
90.6%
me?'
90.6%
Black
90.6%
Black.
90.6%
him
90.6%
him
90.6%
Black
90.6%
had
89.6%
had
89.6%
going
89.6%
didn't
89.6%
didn't
89.6%
going
89.6%
had
89.6%
DON'T
89.6%
out
88.5%
hand;
88.5%
them
88.5%
looked
88.5%
hand
88.5%
looked
88.5%
hand,
88.5%
out
88.5%
Harry's
87.5%
'But
86.5%
'...why
86.5%
could
86.5%
But
86.5%
that
86.5%
The Prisoner of Azkaban
86.5%
then
85.4%
Then
85.4%
For
85.4%
Then,
85.4%
then...,'
85.4%
though
85.4%
'what's
85.4%
one...
84.4%
all
83.3%
there,
83.3%
all.
83.3%
eyes
83.3%
see,
83.3%
let
83.3%
turned
82.3%
BELIEVE
82.3%
turned
82.3%
understand
81.3%
'Professor,'
81.3%
Professor
81.3%
though
81.3%
holding.
79.2%
shouted.
78.1%
pointed
78.1%
'Expelliarmus!
77.1%
flew
77.1%
face
77.1%
Lupin's
77.1%
face,
77.1%
about?
76%
back
74%
now?
74%
Lupin's
74%
talking
72.9%
Black's
72.9%
Black's
72.9%
two
70.8%
voice.
70.8%
meant.
70.8%
something
70.8%
something
70.8%
voice
70.8%
without
69.8%
saw
69.8%
like
69.8%
mind.
68.8%
move
67.7%
screamed.
67.7%
Answer % Correct
raised
66.7%
straight
66.7%
feet
66.7%
never
65.6%
never
65.6%
into
64.6%
room,
64.6%
stood
64.6%
slowly,
64.6%
staring
64.6%
trying
64.6%
telling
64.6%
slowly,
64.6%
dementors.
63.5%
very
63.5%
very
63.5%
Very
63.5%
felt
63.5%
hadn't
62.5%
around
62.5%
hasn't
62.5%
floor
62.5%
caught
61.5%
seemed
61.5%
read
60.4%
because
60.4%
walked
60.4%
again.
59.4%
himself
59.4%
before
59.4%
suddenly
59.4%
none
59.4%
lowering
59.4%
side,
59.4%
staring
58.3%
done
58.3%
made
58.3%
once
57.3%
throat.
57.3%
seeing
56.3%
switched...
56.3%
brother.
56.3%
more
55.2%
still
55.2%
suddenly
53.1%
embraced
53.1%
Cat, Rat, and Dog
53.1%
chest.
52.1%
spoke
52.1%
shown
52.1%
Crookshanks
51%
across
51%
pulled
51%
Crookshanks
51%
fell
51%
Unless'-
49%
unless
49%
intently
47.9%
rest
47.9%
nodded.
47.9%
finished
47.9%
few
46.9%
seconds,
46.9%
question,
46.9%
failed
45.8%
widened,
45.8%
'-unless
45.8%
stomach.
43.8%
lying
40.6%
quickly
40.6%
quite
40.6%
die
40.6%
dropped
40.6%
handed
39.6%
leaving
38.5%
moved
36.5%
bottom
36.5%
feeling
35.4%
beyond
35.4%
gaze
31.3%
glanced
28.1%
empty.
27.1%
nerve
27.1%
empty
27.1%
deftly,
25%
bewildered.
24%
sunken
24%
expressionless.
22.9%
loudly,
20.8%
protectively
19.8%
interrupted
19.8%
muttered
18.8%
gazing
18.8%
seized
16.7%
Mystified,
14.6%
tense
12.5%
fixedly
10.4%

You're not logged in!

Compare scores with friends on all Sporcle quizzes.
OR
Log In

Sporcle TV

Today on Sporcle TV


Watch our educational content, quiz creation guides, and fun videos on Sporcle TV.

Show Comments

Extras

Top Quizzes Today


Score Distribution

Your Account Isn't Verified!

In order to create a playlist on Sporcle, you need to verify the email address you used during registration. Go to your Sporcle Settings to finish the process.

Report this User

Report this user for behavior that violates our Community Guidelines.

Details: